|
|
|
|
| LEADER |
00994nam a2200265 i 4500 |
| 001 |
c000308522 |
| 003 |
CARM |
| 005 |
00000000000000.0 |
| 008 |
850909s1977 gw b 001 0 eng d |
| 019 |
1 |
|
|a 1154070
|z 12415090
|5 LACONCORD2021
|
| 020 |
|
|
|a 3443140106
|
| 035 |
|
|
|a (OCoLC)3748345
|5 LACONCORD2021
|
| 082 |
0 |
4 |
|a 581.4
|
| 100 |
1 |
|
|a Roth, Ingrid.
|
| 245 |
1 |
0 |
|a Fruits of angiosperms /
|c by Dr. Ingrid Roth.
|
| 260 |
|
|
|a Berlin :
|b Gebruder Borntraeger,
|c 1977.
|
| 300 |
|
|
|a 675p. :
|b ill.
|
| 490 |
0 |
|
|a Handbuch der Pflanzenanatomie. Abt. Spezieller Teil ;
|v Bd.10, T.1
|
| 504 |
|
|
|a Bibliography: p.[615]-642.
|
| 650 |
|
0 |
|a Angiosperms.
|
| 650 |
|
0 |
|a Angiosperms
|x Classification.
|
| 830 |
|
0 |
|a Handbuch der Pflanzenanatomie (1956) ;
|v Bd. 10, T. 1.
|
| 852 |
8 |
|
|b CARM
|h A3:AR03E0
|i C11015
|p 0501175
|f BK
|
| 999 |
f |
f |
|i e1f98770-1aea-51c0-a0c9-57b68aebd5e4
|s c9299fdb-8040-57a9-9490-454601d5dac8
|
| 952 |
f |
f |
|p Can circulate
|a CAVAL
|b CAVAL
|c CAVAL
|d CARM 1 Store
|e C11015
|f A3:AR03E0
|h Other scheme
|i book
|m 0501175
|